And they all sang hallelujah ; plain-folk camp-meeting religion, 1800-1845 /

Bibliographic Details
Main Author: Bruce, Dickson D., 1946-
Format: Book
Language:English
Published: Knoxville : University of Tennessee Press, [1974]
Edition:[1st ed.].
Subjects:

MARC

Tag First Indicator Second Indicator Subfields
LEADER 00000pam a2200000 4500
001 in00000317607
005 20151011050407.0
008 740613s1974 tnua b s00010 eng
010 |a  74011344  
020 |a 0870491571 
035 |a (OCoLC)00948156 
035 |9 ABK0830AM 
040 |a DLC  |c DLC  |d TXA  |d UtOrBLW 
049 |a TXAM  |c [719234] 
050 0 0 |a BV3798  |b .B78 
082 0 |a 269/.2/0973 
100 1 |a Bruce, Dickson D.,  |d 1946- 
245 1 0 |a And they all sang hallelujah ;  |b plain-folk camp-meeting religion, 1800-1845 /  |c [by] Dickson D. Bruce, Jr. 
250 |a [1st ed.]. 
264 1 |a Knoxville :  |b University of Tennessee Press,  |c [1974] 
300 |a xii, 155 pages :  |b illustrations ;  |c 22 cm. 
336 |a text  |b txt  |2 rdacontent 
337 |a unmediated  |b n  |2 rdamedia 
338 |a volume  |b nc  |2 rdacarrier 
504 |a Bibliography: pages 137-150. 
500 |a Cushing Owens copy: inscribed to Bill Owens; second printing (1981) 
650 0 |a Camp meetings. 
650 0 |a Frontier and pioneer life  |z Southern States. 
651 0 |a Southern States  |x Religion. 
999 |a MARS 
999 f f |s 86cd0fe2-bae6-3db4-8cfa-e7e6c5d11717  |i 490e9c1a-84c4-391c-82b6-4e92d7dff617  |t 0 
952 f f |p noncirc  |a Texas A&M University  |b College Station  |c Cushing Memorial Library & Archives  |d Cushing: Owens (Does not check out)  |t 0  |e BV3798 .B78  |h Library of Congress classification  |i unmediated -- volume  |m A14851969056 
952 f f |p normal  |a Texas A&M University  |b College Station  |c Sterling C. Evans Library  |d Evans: Library Stacks  |t 0  |e BV3798 .B78  |h Library of Congress classification  |i unmediated -- volume  |m A14801802842 
998 f f |a BV3798 .B78  |t 0  |l Cushing: Owens (Does not check out) 
998 f f |a BV3798 .B78  |t 0  |l Evans: Library Stacks